Vista normal Vista MARC

Entrada Topical Term

Número de registros utilizados en: 1

001 - CONTROL NUMBER

  • control field: 9967

003 - CONTROL NUMBER IDENTIFIER

  • control field: OSt

005 - DATE AND TIME OF LATEST TRANSACTION

  • control field: 20200908150710.0

008 - FIXED-LENGTH DATA ELEMENTS

  • fixed length control field: 200908|| aca||aabn | a|a d

040 ## - CATALOGING SOURCE

  • Original cataloging agency: OSt
  • Transcribing agency: OSt

150 ## - HEADING--TOPICAL TERM

  • Topical term or geographic name entry element: Almacenes generales de depósito
  • General subdivision: Legislación
  • Geographic subdivision: Colombia

670 ## - SOURCE DATA FOUND

  • Source citation: Work cat.: (OSt)6027: Wodak Cataño, Kurt, autor 9966, Los almacenes generales de depósito y el desarrollo económico colombiano /, 1973